Persönlichkeiten im Dritten Reich - Statistiken

Allgemein
  • Dieses Quiz wurde 581 mal gespielt
  • Das Durchschnittsergebnis liegt bei 13 aus 24
Antwortstatistiken
Hinweis Antwort % Korrekt
Diktator des Deutschen Reiches von 1933 bis 1945 Adolf Hitler
100%
Reichsminister für Volksaufklärung und Propaganda und Präsident der Reichskulturkammer von 1933 bis 1945 Joseph Goebbels
95%
Reichsführer SS von 1929 bis 1945 Heinrich Himmler
90%
Oberbefehlshaber der Luftwaffe ab 1935 Hermann Göring
80%
Deutscher Unternehmer, der ca. 1200 jüdische Zwangsarbeiter vor der Ermordung in den Vernichtungslagern bewahrte. (Tipp: "...'s Liste") Oskar Schindler
70%
Generalfeldmarschall und Befehlshaber der Deutschen Afrikakorps Erwin Rommel
69%
Geschwister, die im Widerstand gegen den Nationalsozialismus ("Weiße Rose") tätig waren Sophie Scholl / Hans Scholl
69%
Offizier der Wehrmacht. Wurde nach einem Attentat ("Operation Walküre") 1944 auf den Diktator hingerichtet Claus Schenk Graf von Stauffenberg
66%
Großadmiral ab 1943. Autorisierte am 08.05.1945 die Bedingungslose Kapitulation der Wehrmacht Karl Dönitz
65%
Architekt und ab 1942 Reichsminister für Bewaffnung und Munition Albert Speer
64%
Stellvertreter in der Parteileitung der NSDAP ab 1933. Wurde 1941 nach einem Flug nach Großbritannien verhaftet und starb 1987 durch Suizid Rudolf Heß
61%
Lagerarzt im KZ Auschwitz-Birkenau von 1943 bis 1945. Führte menschenverachtende Experimente durch und starb 1979 in Brasilien Josef Mengele
58%
War mitverantwortlich für die systematische Ermordung zahlreicher Menschen. Wurde 1961 in Israel verurteilt und 1962 hingerichtet Adolf Eichmann
57%
Führte die Sturmabteilung (SA) an und wurde bei dem nach ihm benannten Putsch erschossen Ernst Röhm
54%
Wurde 1941 mit der "Endlösung der Judenfrage" beauftragt und leitete im Januar 1942 die Wannseekonferenz. Wurde im Mai 1942 bei einem Attentat in Prag schwer verletzt und starb daraufhin. Reinhard Heydrich
52%
Reichsminister des Auswärtigen von 1938 bis 1945 Joachim von Ribbentrop
43%
Privatsekretär des Diktators Martin Bormann
37%
Deutscher Heeresoffizier und Oberbefehlshaber bei der Schlacht von Stalingrad Friedrich Paulus
36%
Ab 1942 Präsident des Volksgerichtshofes Roland Freisler
35%
Kommandant des KZ Auschwitz von 1940 bis 1943. Wurde 1947 dort hingerichtet Rudolf Höß
35%
Gründer und Herausgeber des Hetzblattes "Der Stürmer" Julius Streicher
33%
Widerstandskämpfer gegen den Nationalsozialismus. Sein Attentat 1939 scheiterte knapp und er starb 1945 im KZ Dachau Georg Elser
30%
Oberbefehlshaber der Kriegsmarine ab 1935 Erich Raeder
23%
Leiter des Reichsministeriums für die besetzten Ostgebiete Alfred Rosenberg
19%
Keine übereinstimmenden Quizze gefunden
Verteilung der Resultate
Anzahl Personen mit jedem Resultat
Perzentil nach korrekt beantworteten Fragen
Ihre Resultats-Entwicklung
Sie haben dieses Quiz noch nicht gespielt